Comprehension (0 521 58360 8)

Сохранить в:
Библиографические подробности
Главный автор: WALTER KINTSCH
Формат:
Язык:Undetermined
Опубликовано: Cambridge 1997
Метки: Добавить метку
Нет меток, Требуется 1-ая метка записи!
Thư viện lưu trữ: Trung tâm Học liệu Trường Đại học Cần Thơ
LEADER 00379nam a2200145Ia 4500
001 CTU_49656
008 210402s9999 xx 000 0 und d
082 |a 153 
082 |b K56 
100 |a WALTER KINTSCH 
245 0 |a Comprehension (0 521 58360 8) 
245 0 |c WALTER KINTSCH 
260 |b Cambridge 
260 |c 1997 
980 |a Trung tâm Học liệu Trường Đại học Cần Thơ